000 00248nam a2200097Ia 4500
001 1204000
005 20250827022720.0
008 250824s9999 xx 000 0 und d
245 0 _aDÜŞÜN VE ZENGİN OL
_cNAPOLEON HİLL
260 _bALTIN KİTAPLAR
999 _c1204000
_d1204000